000 00610nas a2200229 4500
001 BR9603767
003 BR-BrBNA
005 20231205094835.0
007 ta
008 230509b bl.|||p| |||| 00| 00por d
040 _aBR-BrBNA
_bpor
_cBiblioteca Nacional de Agricultura
041 _a(Pt)
072 _aL01
100 1 _aGrigoletti, C.
245 1 _aProcurando melhor produtividade
650 _aFrango
650 _aCriacao
650 _aManejo
773 0 _tRevista Batavo (Brazil)
_x
_g(Feb 1995), v. 4(40) p. 10-11
_wBR9603767
909 _a202311
_bLúcia
_c55
_dLúcia Elande
942 _2AGRIS
_n0
_cANA
999 _c147235
_d147235